| 000 | 00431nam a2200157Ia 4500 | ||
|---|---|---|---|
| 008 | 230312s9999||||xx |||||||||||||| ||und|| | ||
| 020 | _a0-470-84200-8 | ||
| 082 |
_a658 _bKAR-B |
||
| 100 | _aBengt Karlof , Kurt Lundgren | ||
| 245 | 0 | _aBenchlearning | |
| 260 |
_bJohn Wiley & Sons _aEngland _c2001 |
||
| 300 | _a230 | ||
| 546 | _aEng. | ||
| 650 |
_aManagement _vObservations on Management , Method Step by Step |
||
| 942 | _cBK | ||
| 999 |
_c997 _d997 |
||